00520nam a2200193Ia 4500008004100000020001800041050001400059100001600073245002500089245008300114245001900197260001500216260001600231260000900247300001600256300002000272300001000292300002400302170918s9999 xx 000 0 und d a9780545694704 bP639 1999 aPilkey, Dav aCaptain underpants : band the invasion of the incredibly naughty cafeteria ladies from outer space / cby Dav Pilkey. aNew York : bScholastic, c1999 a132 pages : billustrations ; c19cm. eCaptain underpants.